Normal view
MARC view
- Noshahi ,Muhammad Ashraf
Entry Personal Name
001 - CONTROL NUMBER
- control field: 15374
003 - CONTROL NUMBER IDENTIFIER
- control field: NUST
005 - DATE AND TIME OF LATEST TRANSACTION
- control field: 20190624061704.0
008 - FIXED-LENGTH DATA ELEMENTS
- fixed length control field: 190624|| aca||aabn | a|a d
040 ## - CATALOGING SOURCE
- Original cataloging agency: NUST
- Transcribing agency: NUST
100 ## - HEADING--PERSONAL NAME
- Personal name: Noshahi ,Muhammad Ashraf
670 ## - SOURCE DATA FOUND
- Source citation: Work cat.: (NUST): Noshahi ,Muhammad Ashraf, Azcar Nosha Gunj Buksh /, 1996.
